| 000 | 00595cam a22002291 4500 | ||
|---|---|---|---|
| 001 | sa 65007591 | ||
| 003 | DLC | ||
| 005 | 20260227112149.0 | ||
| 008 | 890802s1965 ii 000 0 gujo | ||
| 010 | _asa 65007591 | ||
| 035 | _a(OCoLC)20116511 | ||
| 040 |
_aDLC _cWaU _dDLC |
||
| 042 | _apremarc | ||
| 050 | 0 | 0 |
_aPK1852 _b.P32 |
| 100 | 1 |
_aPāṭhaka, Rāmanārāyaṇa Viśvanātha, _d1887-1955. |
|
| 245 | 1 | 0 | _aKāvyapariśīlana. |
| 260 | _c[1965] | ||
| 300 |
_a7, 155 p. _c19 cm. |
||
| 500 | _aIn Gujarati. | ||
| 650 | 0 | _aGujarati poetry. | |
| 700 | 1 |
_aParekh, Nagindas, _d1903-1993. |
|
| 999 |
_c65232 _d65232 |
||